Síndrome de Down.

Guardado en:
Formato: Deslizar
Materias:
Etiquetas: Agregar Etiqueta
Sin Etiquetas, Sea el primero en etiquetar este registro!
LEADER 00811ngm a22002055g 4500
001 CEM.cems022807
008 130507b2007##################0###0#####d
005 20241120185133.0
245 0 0 |a Síndrome de Down. 
300 |a 36'. 
500 |a En soporte VHS, consultar en ventanilla. 
505 0 |a Orígenes. Concientización de los padres. Características del trastorno genético. La estimulación temprana del niño Down. Complicaciones y enfermedades del individuo Down. Conciencia social. 
538 |a Soporte: VHS - Norma: Pal N - Color: Si - Grabación DRD 2007 - Hitachi=3235 
082 3 0 |/ ENC-2 
653 |a SINDROME DE DOWN 
653 |a DOWN 
653 |a GENETICA 
653 |a NIVEL PRIMARIO 
653 |a NIVEL SECUNDARIO 
859 |a CEMS  |b BIB. CEMS - Depto. Recursos Didacticos  |h 301  |i ENC-2  |k DRD  |p 1450.12  |t Ej.1